Páginas de sangre : (Record no. 196874)
[ view plain ]
| 000 -LEADER | |
|---|---|
| campo de control de longitud fija | 01409nam a2200313 i 4500 |
| 001 - NÚMERO DE CONTROL | |
| campo de control | 196874 |
| 003 - IDENTIFICADOR DE NÚMERO DE CONTROL | |
| campo de control | ES-MaACL |
| 005 - FECHA Y HORA DE LA ÚLTIMA TRANSACCIÓN | |
| campo de control | 20250117063043.0 |
| 007 - CAMPO FIJO DE DESCRIPCIÓN FÍSICA--INFORMACIÓN GENERAL | |
| campo de control de longitud fija | ta |
| 008 - DATOS DE LONGITUD FIJA--INFORMACIÓN GENERAL | |
| campo de control de longitud fija | 250115s1879 sp | | |00| | ita d |
| 020 ## - NÚMERO INTERNACIONAL ESTÁNDAR DEL LIBRO | |
| Número Internacional Estándar del Libro | 8422802376 |
| 035 ## - NÚMERO DE CONTROL DEL SISTEMA | |
| Número de control de sistema | Rebiun26350387 |
| 040 ## - FUENTE DE CATALOGACIÓN | |
| Centro catalogador/agencia de origen | USA.FILO |
| Lengua de catalogación | spa |
| Centro/agencia transcriptor | ES-MaACL |
| 100 1# - ENTRADA PRINCIPAL--NOMBRE DE PERSONA | |
| Nombre de persona | Morales Sanchez, Francisco M. |
| Término indicativo de función/relación | Autor |
| 9 (RLIN) | 239462 |
| 245 10 - MENCIÓN DEL TÍTULO | |
| Título | Páginas de sangre : |
| Resto del título | historia del Saladero / |
| Mención de responsabilidad, etc. | por F. M. Morales Sánchez ; precedida de un notable episodio crítico-criminal por Víctor Hugo, titulado El último día de un reo de muerte ; traducido por un... juriconsulto y de un estado alfabético de los 649 desgraciados que han subido al patíbulo en Madrid desde el año 1801 hasta la fecha... |
| 250 ## - MENCION DE EDICION | |
| Mención de edición | 3a ed. |
| 260 ## - PUBLICACIÓN, DISTRIBUCIÓN, ETC. | |
| Lugar de publicación, distribución, etc. | Madrid : |
| Nombre del editor, distribuidor, etc. | Imprenta y administración de Manuel Rodríguez, |
| Fecha de publicación, distribución, etc. | 1879. |
| 300 ## - DESCRIPCIÓN FÍSICA | |
| Extensión | 958 p., [1] h. de lámina ; |
| Dimensiones | 22 cm |
| 336 ## - TIPO DE CONTENIDO | |
| Fuente | rdacontent |
| Término de tipo de contenido | texto |
| 337 ## - TIPO DE MEDIO | |
| Fuente | rdamedia |
| Nombre/término del tipo de medio | sin mediación |
| 338 ## - TIPO DE SOPORTE | |
| Fuente | rdacarrier |
| Nombre/término del tipo de soporte | volumen |
| 650 #4 - PUNTO DE ACCESO ADICIONAL DE MATERIA--TÉRMINO DE MATERIA | |
| Término de materia o nombre geográfico como elemento de entrada | Presos |
| Subdivisión geográfica | España |
| Subdivisión cronológica | s. XIX |
| 9 (RLIN) | 239464 |
| 700 1# - ENTRADA AGREGADA--NOMBRE PERSONAL | |
| Nombre de persona | Hugo, Victor, |
| Fechas asociadas al nombre | 1802-1885. |
| Título de la obra | El útimo día de un reo de muerte |
| 9 (RLIN) | 239465 |
| 852 ## - LOCALIZACIÓN | |
| Encuadernación | Encuadernacion holandesa |
| Ubicación | ES-MaACL |
| Número de control de estantería | G-16030 |
| Ubicación en estantería | Depósito 2 |
| itemnumber | 204535 |
| 903 ## - NOMBRE PERSONAL DE DONANTE | |
| 9 | 93285 |
| a | Porto, Juan Antonio, |
| d | 1937-2021 |
| e | Donante |
| 942 ## - ELEMENTOS DE ENTRADA SECUNDARIOS (KOHA) | |
| Suprimir en OPAC | No |
| Tipo de ítem Koha | Libro impreso antiguo |
| Estatus retirado | Estado de pérdida | Fuente del sistema de clasificación o colocación | Estado de daño | No para préstamo | Colección | Biblioteca de origen | Biblioteca actual | Ubicación en estantería | Fecha de adquisición | Fuente de adquisición | Total de préstamos | Signatura topográfica completa | Código de barras | Visto por última vez | Precio de reemplazo | Tipo de ítem Koha |
|---|---|---|---|---|---|---|---|---|---|---|---|---|---|---|---|---|
| Clasificación decimal universal | Libros del s. XIX | Biblioteca del Ateneo de Madrid | Biblioteca del Ateneo de Madrid | Depósito 2 | 15/01/2025 | Donación | G-16030 | 101229350 | 15/01/2025 | 15/01/2025 | Libro impreso antiguo |
